00515nam a2200181 a 4500001001300000003000900013005001700022008004100039020002300080082001300103100002300116245007400139260004400213300000900257500003500266505001000301650002200311nice12345678IN_TiNIC20260116014112.0050524s2003 newa grp 000 0 eng  a1929223 c84000a341bSPE aSpector, Bertram I aGetting It Done, Post-Agreement Negotiation and International Regimes aNew YorkbWashington Square Pressc2003 a312p aincludes index and biblioraphy2 aIndex aInternational Law